LEADER 01201nam a2200253 u 4500 001 000000113926 003 CaOOAMICUS 005 20081118152447.0 008 081117s2008 it u000 u ita r 040 $aPUL$bita$dLDB 245 00$aGuida operativa al controllo di gestione. 260 $aMilano :$bIl Sole 24 ore,$c2008. 300 $a182 p. ;$c19 cm. +$eCD-Rom 490 1 $aMaster 24. Amministrazione, finanza & controllo ;$v05 500 $aEdizione speciale per Il Sole 24 ore. 500 $aIn cofanetto. 650 4$aImprese$xAmministrazione.$0(OLS)http://pul/subject/34214 830 0$aMaster 24. Amministrazione, finanza & controllo ;$v05.$0(OLS)http://pul/title/143164 850 $aPUL 852 $aPUL$W1$xSL Diritto e Scienze Sociali 3$y79$m332 COLL 1.5$j130137$qDDC 21$B129214$CPULBib$Z2$F129214 $H108806 $82 852 $aPUL$W1$xSL Diritto e Scienze Sociali 3$y79$m332 COLL 1.5CD$j130138$aCD-Rom$qDDC 21$B129215$CPULBib$Z2$F129215 $H108807 $82 941 1 $a9 996 $6245$aGuida operativa al controllo di gestione$9(OLS)http://pul/title/143169 996 $6260$aMilano :$bIl Sole 24 ore$9(OLS)http://pul/publisher/69212 LEADER 01542nam a2200325 a 4500 001 000000130781 003 CaOOAMICUS 005 20121008130815.0 008 121008s2011 it af u000 u ita r 020 $a978-88-215-7036-0 040 $aPUL$bita 082 04$a282.092 100 1 $aApeciti, Ennio,$csac.,$d1950-$0(OLS)http://pul/name/83818 245 10$aSanta Bartolomea Capitanio :$b"quella benedetta carità... troppo mi piace" /$cEnnio Apeciti ; presentazione del card. Dionigi Tettamanzi. 260 $aCinisello Balsamo :$bSan Paolo,$c©2011. 300 $a211 p., [8] c. di tav. :$bill. ;$c21 cm 490 1 $aSanti e sante di Dio ;$v44 504 $aBibliografia in nota e p. 205-207. 600 04$aBartholomaea Capitanio,$cs.,$d1807-1833.$0(OLS)http://pul/subject/41593 700 1 $aTettamanzi, Dionigi,$ccardinale,$d1934-2017.$0(OLS)http://pul/name/30831 830 0$aSanti e sante di Dio ;$v44.$0(OLS)http://pul/title/165279 850 $aPUL 852 $aPUL$W1$xDP2 Religione 3$y114$m282. 092 APEEN 1$j151183$qDDC 21$B149923$CPULBib$Z2$F149923 $H120918 $82 941 1 $a9 960 $aCapitanio, Bartolomea,$cs.,$d1807-1833$941593 996 $6020$a978-88-215-7036-0$9(OLS)http://pul/number/150790 996 $6082$a282.092$9(OLS)http://pul/classification/402 996 $6245$aSanta Bartolomea Capitanio :$b"quella benedetta carità... troppo mi piace"$9(OLS)http://pul/title/165278 996 $6260$aCinisello Balsamo :$bSan Paolo$9(OLS)http://pul/publisher/54577